4 to 13 letters quiz # I - Statistics

General Stats
  • This quiz has been taken 36 times
  • The average score is 7 of 10
Answer Stats
Hint Answer # of Letters % Correct
Country that borders Turkey and Kuwait Iraq 4
100%
Largest Hebrew-speaking country Israel 6
97%
European country with two countries inside it Italy 5
97%
Europe's most sparsely populated country Iceland 7
85%
Most populated country in Southeast Asia Indonesia 9
85%
Capital and largest city of Indiana Indianapolis 12
82%
Historically known as Constantinople and Byzantium Istanbul 8
82%
Most populated region in Metropolitan France Île-de-France 11
30%
German city where headquarters of Audi and Airbus are located Ingolstadt 10
12%
Federal subject located in southeastern Siberia (two words) Irkutsk Oblast 13
3%
No matching quizzes found
Score Distribution
Percent of People with Each Score
Percentile by Number Answered
Your Score History
You have not taken this quiz